000 00735cam a2200205 4500
001 ABS61289
008 000000n1999 000 0 eng u
035 _a(Sirsi) u101922
245 _aAlternative land use.
260 _c1999
490 _aFarm Development Review
_v13(7) May 1999 (8)(LOAN)
520 _aIncludes articles on truffle farming which could be feasible across the midlands and south of England; wild boar farming; the over-supply and market saturation of self-catering accommodation; and the use of energy crops for heating.
650 _aALTERNATIVE CROPS
650 _aHOLIDAY ACCOMMODATION
650 _aENERGY CROPS
650 _aWOODLAND
650 _aCOPPICES
690 _aRURAL PRACTICE
942 _n0
999 _c61020
_d61020